Normal view
MARC view
- التفكير الابداعي-الذاكرة-التعلم-التربية الخاصة
Entry Topical Term
001 - CONTROL NUMBER
- control field: 43058
003 - CONTROL NUMBER IDENTIFIER
- control field: JO-AjAnu
005 - DATE AND TIME OF LATEST TRANSACTION
- control field: 20230606081135.0
008 - FIXED-LENGTH DATA ELEMENTS
- fixed length control field: 230606|| aca||aabn | a|a d
040 ## - CATALOGING SOURCE
- Original cataloging agency: JO-AjAnu
- Transcribing agency: JO-AjAnu
150 ## - HEADING--TOPICAL TERM
- Topical term or geographic name entry element: التفكير الابداعي-الذاكرة-التعلم-التربية الخاصة
670 ## - SOURCE DATA FOUND
- Source citation: Work cat.: (JO-AjAnu)22051: Jalongo,Mary.R , Isenberg,Joan.P ،طبال،سهى عبد الرحيم/ترجمة, author 43057, التفكير الابداعي والتعلم المبني على الفنون =Creative Thinking and Arts-Based Learning Preschool Through Fourth Grade